000 00649nam a22001577a 4500
008 170419b xxu||||| |||| 00| 0 eng d
082 _22016
_aUT 0738
_bG21
100 _919830
_aGasper, Kristine Joy C.
245 _aLanguage Teaching Strategies of English Instructors and Communicative Competence of Second Year English Major Students in UMDC.
_cKristine Joy C. Gasper, Junamer B. Embudo, Genevieve S. Tule.
300 _a55 pages;
_b29 cm.
650 0 _919831
_aEducation
_vEnglish
_xUndergraduate Thesis.
700 _919833
_aGasper, Kristine Joy C.
700 _919835
_aEmbudo, Junamer B.
700 _919836
_aTule, Genevieve S.
942 _2ddc
_cUT
999 _c6557
_d6557